Eredivisie: 250+ Matches (2000-) - Statistics

General Stats
  • This quiz has been taken 6 times
  • The average score is 18 of 70
Answer Stats
Ranking Player Positions Nationality Matches Goals (assists) Periods Clubs % Correct
2 Lasse Schöne MF 459 10 (12) 2007-2018, 2020-2025
100%
1 Jens Toornstra MF, FW 476 30 (28) 2009-2025
83%
14 Luuk de Jong FW 337 84 (33) 2008-2011, 2014-2018, 2022-2025
83%
29 Remko Pasveer GK 305 0 (3) 2003-2006, 2010-2014, 2016-2022, 2024-2025
83%
61 Siem de Jong MF, FW 258 4 (3) 2007-2013, 2016-2017, 2019-2022
83%
36 Dušan Tadić MF, FW 295 77 (80) 2010-2013, 2018-2023
67%
7 Nick Viergever DF 375 9 (2) 2009-2025
67%
11 Steven Berghuis MF, FW 351 69 (64) 2010-2014, 2016-2025
67%
66 Davy Klaassen MF 252 38 (8) 2011-2016, 2020-2025
50%
17 Jordy Clasie MF 334 8 (11) 2010-2014, 2018-2025
50%
41 Michiel Kramer FW 291 43 (10) 2008-2009, 2013-2025
50%
5 Peter Wisgerhof DF 390 0 (0) 2000-2014
50%
19 Rob Wielaert DF 327 0 (0) 2001-2013
50%
18 Theo Janssen MF 332 0 (0) 2000-2014
50%
3 Willem Janssen DF, MF 409 10 (0) 2007-2022
50%
59 Adam Maher MF 259 7 (16) 2010-2015, 2017-2022
33%
23 Arnold Kruiswijk DF 316 0 (0) 2002-2007, 2009-2018
33%
35 Bram van Polen DF, MF 297 11 (3) 2012-2021, 2023-2024
33%
8 Bryan Linssen MF, FW 356 51 (17) 2010-2021, 2024-2025
33%
55 Dirk Kuyt DF, MF, FW 264 0 (0) 2000-2005, 2015-2017
33%
57 Dirk Marcellis DF 261 0 (0) 2007-2012, 2014-2019
33%
6 Gábor Babos GK 377 0 (0) 2000-2013
33%
37 Jan-Arie van der Heijden DF, MF 294 4 (0) 2007-2008, 2009-2021
33%
44 Jeroen Zoet GK 283 0 (0) 2011-2019, 2024-2025
33%
28 Karim El Ahmadi MF 305 0 (0) 2003-2011, 2014-2018
33%
25 Mark-Jan Fledderus DF, MF 311 0 (0) 2002-2017
33%
13 Mark van der Maarel DF 338 3 (5) 2009-2024
33%
12 Michel Breuer DF 343 0 (0) 2002-2003, 2004-2013, 2016-2018
33%
30 Sander Boschker GK 305 0 (0) 2000-2002, 2004-2013
33%
10 Wout Brama MF 353 1 (1) 2005-2016, 2019-2023
33%
4 Aaron Meijers DF, MF 394 4 (16) 2008-2009, 2011-2025
17%
21 Ben Rienstra MF 317 9 (6) 2010-2023
17%
62 Csaba Fehér DF, MF 255 0 (0) 2000-2011
17%
46 Denny Landzaat MF 281 0 (0) 2000-2005, 2007-2013
17%
69 Édouard Duplan MF, FW 250 0 (0) 2007-2018
17%
54 Eric Botteghin DF 266 5 (1) 2011-2021
17%
48 Erik Falkenburg MF, FW 277 6 (0) 2009-2020
17%
42 Jelle ten Rouwelaar GK 287 0 (0) 2002-2003, 2007-2015
17%
53 Kenneth Pérez MF, FW 269 0 (0) 2000-2010
17%
56 Kwame Quansah MF 263 0 (0) 2000-2001, 2005-2014
17%
34 Mats Seuntjens MF, FW 299 29 (28) 2011-2014, 2016-2018, 2020-2025
17%
51 Matthew Amoah FW 271 0 (0) 2000-2005, 2007-2011, 2013-2014
17%
33 Mike te Wierik DF 303 1 (1) 2010-2023
17%
52 Romano Denneboom FW 271 0 (0) 2000-2010
17%
58 Tom Caluwé MF 260 0 (0) 2000-2009
17%
70 Urby Emanuelson DF, MF, FW 250 4 (6) 2004-2010, 2017-2021
17%
24 Adil Auassar DF, MF, FW 313 5 (2) 2007-2008, 2009-2011, 2014-2017, 2019-2023
0%
32 Anouar Hadouir MF, FW 303 0 (1) 2002-2010, 2012-2013, 2016-2019
0%
9 Anthony Lurling MF, FW 353 0 (0) 2000-2005, 2007-2014
0%
16 Christian Kum DF 334 0 (1) 2005-2006, 2008-2021
0%
39 Frank van der Struijk DF 292 0 (0) 2003-2016
0%
63 Gregoor van Dijk MF 255 0 (0) 2000-2010
0%
22 Joost Broerse DF, MF 317 0 (0) 2000-2007, 2011-2015
0%
40 Kew Jaliens DF 291 0 (0) 2000-2011
0%
31 Lex Immers MF, FW 304 9 (3) 2008-2015, 2017-2020
0%
45 Mike van Duinen FW 282 13 (3) 2011-2020, 2022-2024
0%
67 Nourdin Boukhari MF 251 0 (0) 2000-2008, 2011-2013
0%
68 Pascal Bosschaart DF, MF 251 0 (0) 2000-2006, 2008-2011
0%
47 Patrick Zwaanswijk DF 278 0 (0) 2000-2003, 2005-2010
0%
27 Purrel Fränkel DF 308 0 (0) 2000-2008, 2010-2012
0%
20 Ramon Zomer DF 325 0 (0) 2002-2016
0%
64 Robbert Schilder DF, MF 255 0 (0) 2005-2016
0%
49 Rob Penders DF 274 0 (0) 2000-2011
0%
60 Roy Beerens MF, FW 258 1 (4) 2005-2013, 2017-2019
0%
65 Sander van Gessel DF 253 0 (0) 2000-2010
0%
50 Stijn Schaars MF 272 0 (0) 2002-2006, 2008-2010, 2013-2019
0%
26 Thomas Bruns MF, FW 309 6 (7) 2010-2020, 2023-2025
0%
38 Tim Breukers DF 294 0 (4) 2007-2021
0%
15 Tim Cornelisse DF 335 0 (0) 2000-2012, 2014-2015
0%
43 Tim de Cler DF 284 0 (0) 2000-2011
0%
No matching quizzes found
Score Distribution
Percent of People with Each Score
Percentile by Number Answered
Your Score History
You have not taken this quiz